000 02094nam a22003137a 4500
001 8623
003 FISKH
005 20251007084646.0
008 251007b cb ||||| |||| 00| 0 eng d
020 _a9789995099800
040 _aFISKH
_bkhr
_cFISKH
_dFISKH
050 _aPZ7
082 _a895
100 _aSeap, Kol
245 _aគ្រូពេទ្យទេវតា :
_bGoodlike doctor /
_cនិពន្ធដោយ អ្នកស្រី កុល សៀប ,​ កែសម្រួលដោយ អ្នកស្រី គឹមស៊ុន សុធារី
260 _aPhnom Penh :
_bReading Books ,
_c2010.
300 _a20 pages :
_bcolor illustrations ;
_c25 cm .
490 _aពិភពរឿងនិទាន
505 _aJ
520 _aរឿងនេះមានបំនងអប់រំ ដល់ប្អូនៗកុមារកុំអោយមានចិត្តលោភលន់ ។ ជាពិសេសជាងនេះទៅទៀតជួយអប់រំដល់អ្នកដែលតែងតែប្រើប្រាស់ថ្នាំពេទ្យអោយបានដឺងថា ការប្រើប្រាស់ថ្នាំហួសកំណត់នឺងធ្វើអោយប៉ះពាល់ដល់សុខភាព ដូចនេះ អ្នកគួរស្តាប់បង្គាប់នូវរាល់ពាក្យណែនាំរបស់អ្នកគ្រូពេទ្យ​ ។​
520 _aThis story is aimed to educated children not to be greedy person . It is moreover intended to educated medicaine users to understand that overdose could harm their health . So, it is recommended that you follow every instruction of your doctor .
521 8 _a500
_bLexile estimate
521 8 _aJ
_bRaz-Plus
650 _aគ្រូពេទ្យទេវតា​
_vរឿងនិទានកុមារ
650 _aGoodlike doctor
_vChildren's Stories
700 _aBunthorn, Theak
_eIllustrator
942 _2ddc
_cKHB
_n0
999 _c8623
_d8623